| 000 | 00846nam0a22002651 4500 | ||
|---|---|---|---|
| 001 | rc\4012450 | ||
| 005 | 20250611055016.0 | ||
| 021 |
_aRU _b[55-46654] |
||
| 035 | _a(NLR Aleph) 008080635 | ||
| 090 |
_a9121262 _c9121262 |
||
| 100 | _a20130415d1955 |||y0rusy50 ca | ||
| 101 | 0 | _arus | |
| 102 | _aRU | ||
| 105 | _aa z ||||| | ||
| 200 | 1 | _aАлма-атинский апорт | |
| 210 |
_aАлма-Ата _cКазгосиздат _d1955 |
||
| 215 |
_a60 с., 2 л. ил. _cил. _d20 |
||
| 300 | _aНа обл. авт. не указан | ||
| 606 |
_aАпорт _xВозделывание _yАлма-Атинская область _2psbo |
||
| 700 | 1 |
_aКацейко _bА.Н. _f1905- _gАркадий Николаевич |
|
| 801 | 0 |
_aRU _bNLR _gpsbo |
|
| 801 | 1 |
_aRU _bELAR _2rusmarc |
|
| 852 |
_aNLR _jС40 Г-4/2118 |
||
| 942 | _cBOOK | ||
| 980 | _aNB | ||